00369nam a2200121 a 450000100100000000500170001000800410002704000250006810000200009324500630011326000440017630000270022000003434320200930073640.0111003s1936 xxu 000 0 spa d aDO-SdBNPbspacBNPHU1 aRines, Frank M.10aTree drawing design and construction /cby Frank M. Rines. aNew York :bBridgman Publishers,c1936. a63 p. :bil. ;c29 cm.